LEADER 01081nam a2200217 i 4500 001 000000199071 003 CaOOAMICUS 005 20110315000000.0 008 110315s1853 it u000 u ita u 013 $a177761 040 $aSeMil$bita 100 1 $aArmandi, Cesare .$0(OLS)http://semarc/name/72059 245 10$aSegno di allegrezza di giubilo e di gioia per le fauste nozze degli egregi signori Giuseppe Grossi e Teresina Malpeli di Fusignano seguite nel carnevale del 1853 /$c[Cesare Armandi]. 260 $aBagnacavallo :$bSerantoni e Grandi,$c[1853] 300 $a24 p. ;$c21 cm. 500 $aNome dell'A. a p. [5]. 773 0 $t[Miscellanea.$w()24543 850 $aSeMil 852 $aSeMil$W1$xVenegono$y1$m5B I 20/8 FA$j149624$B149624$CSeMilBibl$Z2$F161006 $8I 996 $6245$aSegno di allegrezza di giubilo e di gioia per le fauste nozze degli egregi signori Giuseppe Grossi e Teresina Malpeli di Fusignano seguite nel carnevale del 1853$9(OLS)http://semarc/title/287809 996 $6260$aBagnacavallo :$bSerantoni e Grandi$9(OLS)http://semarc/publisher/37832 LEADER 01043nas a2200217 i 4500 001 000000237037 003 CaOOAMICUS 005 20141217000000.0 008 141217b1975 it uu u0 0ita r 013 $a215942 040 $aSeMil$bita 245 10$aCura pastorale degli infermi :$bcommento esegetico e pastorale del lezionario liturgico per gli infermi /$ca cura di Mario Masini e Franco Sottocornola. 260 $aBrescia :$bQueriniana,$ccopyr. 1975. 300 $a498 p. ;$c21 cm. 700 1 $aSottocornola, Franco.$0(OLS)http://semarc/name/25221 700 1 $aMasini, Mario,$d<1927- >.$0(OLS)http://semarc/name/11 773 0 $tParola per l'assemblea festiva.$dBrescia : Queriniana, 1968.$w()11941 850 $aSeMil 852 $aSeMil$W1$xVenegono$y1$m116 6 169$j187383$B187383$CSeMilBibl$Z2$F198289 $85 996 $6245$aCura pastorale degli infermi :$bcommento esegetico e pastorale del lezionario liturgico per gli infermi$9(OLS)http://semarc/title/337779 996 $6260$aBrescia :$bQueriniana$9(OLS)http://semarc/publisher/29615